Statistics for Top 15 Celebrities Born In 1979

Click here to take the quiz!

General Stats

  • This quiz has been taken 132 times
    (96 since last reset)
  • The average score is 6 of 15

Answer Stats

Answer% Correct
Pink
82%
Kevin Hart
79%
Kourtney Kardashian
70%
Christ Pratt
62%
Adam Levine
61%
Heath Ledger
52%
John Krasinski
44%
Oscar Isaac
38%
Jennifer Love-Hewitt
35%
Flo Rida
19%
Ne-Yo
19%
Aaliyah
18%
Rose Byrne
17%
Kelis
10%
Tiffany Haddish
10%

Score Distribution

Percentile by Number Answered

Percent of People with Each Score

Your Score History

You have not taken this quiz since the last reset